Is it Growing or Shrinking? Quiz Stats

 Plays Quiz not verified by Sporcle

Support Sporcle.
Go Orange.
Score 0/10 Timer 03:00
2 Plays Today
Hint Answer % Correct
The Sahara Desert???
76.8%
The Mass of the Earth???
64.5%
The distance between the Earth and Moon???
63.6%
The Mass of the Sun???
63%
The distance between Mars and Deimos???
62.8%
Mount Everest???
61.4%
The distance between the Milky Way and Andromeda???
51.7%
The Giant Panda Population???
49.6%
The Pacific Ocean???
48.1%
Jupiter's Great Red Spot???
47.8%

You're not logged in!

Compare scores with friends on all Sporcle quizzes.
OR
Log In

From the Vault

SpongeBob 'F.U.N.' Song

by ethun

Whose idea of FUN is better: Spongebob's or Plankton's?
Remove Ads.
Support Sporcle.
Get the best of Sporcle when you Go Orange. This ad-free experience offers more features, more stats, and more fun while also helping to support Sporcle. Thank you for becoming a member.

Show Comments

Extras

Top Quizzes Today


Score Distribution

Your Account Isn't Verified!

In order to create a playlist on Sporcle, you need to verify the email address you used during registration. Go to your Sporcle Settings to finish the process.

Report this User

Report this user for behavior that violates our Community Guidelines.

Details: